MDQL
is popping MORE tags! Check the
thread
!
Quizzes
Events
Quiz Creation
Community
Videos
Private Events
Remove Ads
Sign In
Join for FREE
Feedback
Dark Mode
Quiz Categories
Sports
Geography
Music
Movies
Television
Just For Fun
Miscellaneous
History
Literature
Language
Science
Gaming
Entertainment
Religion
Holiday
For Kids
Quiz Lab
Recent
Popular Today
Quiz Kudos Today
Editor Picks
Curator Picks
Quizzes by...
Day
Popularity
Type
Ratings
Length
Year
Community
Subscriptions
Recent Discussions
Orange Saloon
Badges
Playlists
Quests
Create
Leaderboards
Showdown
Live 5
Trivia Bingo
Activity
Puzzle Library
Sporcle Events
Private Events
Virtual Trivia
Globe League
Become a Host
Pub Owners
SporcleCon
Opinionation
Our Games
Videos
Blog
Mobile Apps
Partnerships
Remove Ads and Go Orange
Feedback
Sports
Athletes
MLB
NBA
NHL
NFL
Soccer
Sports Teams
WWE
NCAA
Football
Premier League
Basketball
Baseball
Hockey
Golf
Tennis
Cricket
Rugby
Auto Racing
Olympics
World Cup
Sports
Athletes
MLB
NBA
NHL
NFL
Soccer
Sports Teams
WWE
NCAA
Football
Premier League
Basketball
Baseball
Hockey
Golf
Tennis
Cricket
Rugby
Auto Racing
Olympics
World Cup
Random Quiz
Search Sporcle
×
Quiz Lab
Quiz Lab
Sports
school
Type in answers that appear in a list
Type in answers that appear in a list
Classic
Best Score? Go Orange.
FCS Schools Stats
Can you name the Division I FCS Schools?
By
jsm21
15m
124 Questions
404 Plays
404 Plays
404 Plays
Comments
Comments
Give Quiz Kudos
Give Quiz Kudos
-
- Ratings
hide this ad
More Info
Replay
Link that replays current quiz
Next Quiz
Link to next quiz in quiz playlist
You Got
0%
They Got
Avg Score
65%
Avg Friend Score
Upgrade to see
Score Distribution
Jump to the score distribution portion of the page
Score
0/124
Timer
15:00
0
Plays Today
Hint
% Correct
Ivy League
Harvard
93.1%
Ivy League
Yale
91.3%
Big Sky
North Dakota
91.1%
Ivy League
Princeton
91.1%
Missouri Valley
South Dakota
89.4%
Ivy League
Brown
88.6%
Missouri Valley
North Dakota State
88.4%
Big Sky
Montana
87.6%
Ivy League
Dartmouth
87.4%
Missouri Valley
South Dakota State
87.4%
Ivy League
Penn
86.6%
SWAC
Southern
86.1%
Ivy League
Cornell
85.9%
Ivy League
Columbia
85.6%
Big Sky
Montana State
85.4%
Big Sky
Eastern Washington
82.9%
Big Sky
Idaho State
82.2%
Colonial (CAA)
Maine
79.2%
Colonial (CAA)
Delaware
78.7%
Big Sky
Northern Arizona
78.5%
Colonial (CAA)
Villanova
77.7%
Colonial (CAA)
James Madison
77.5%
Colonial (CAA)
New Hampshire
76.2%
Pioneer
Jacksonville
75.7%
MEAC
Florida A&M
75.2%
SWAC
Alabama State
74.5%
SWAC
Alabama A&M
74%
Big Sky
Northern Colorado
73%
Missouri Valley
Indiana State
73%
Colonial (CAA)
Rhode Island
72.5%
Missouri Valley
Illinois State
72.5%
Missouri Valley
Missouri State
72.5%
Missouri Valley
Northern Iowa
72%
Ohio Valley
Tennessee State
72%
MEAC
South Carolina State
71.8%
Missouri Valley
Southern Illinois
71.8%
Patriot
Georgetown
71.8%
Big Sky
Southern Utah
71%
Big Sky
Portland State
70.5%
Ohio Valley
Jacksonville State
70.5%
SWAC
Jackson State
70.3%
Big Sky
Cal Poly
70%
Hint
% Correct
Ohio Valley
Eastern Illinois
70%
Missouri Valley
Youngstown State
69.8%
MEAC
Delaware State
69.6%
Southland
Sam Houston State
69.6%
Ohio Valley
Eastern Kentucky
69.1%
MEAC
North Carolina A&T
68.3%
Ohio Valley
Tennessee Tech
68.1%
Colonial (CAA)
Richmond
67.6%
Big Sky
Sacramento State
67.3%
Patriot
Bucknell
67.3%
Colonial (CAA)
William & Mary
67.1%
Big Sky
Weber State
66.8%
SWAC
Alcorn State
66.8%
SWAC
Grambling State
66.6%
Missouri Valley
Western Illinois
66.3%
Colonial (CAA)
Albany
65.6%
SWAC
Mississippi Valley State
65.3%
Patriot
Colgate
65.1%
Pioneer
Dayton
63.4%
Colonial (CAA)
Towson
62.9%
Patriot
Holy Cross
62.9%
Pioneer
Butler
62.9%
Southern
Chattanooga
62.9%
Patriot
Fordham
62.6%
Big Sky
UC Davis
62.1%
Big South
Charleston Southern
62.1%
MEAC
Norfolk State
62.1%
Southland
Stephen F. Austin
61.9%
SWAC
Texas Southern
61.9%
Southern
The Citadel
61.6%
Colonial (CAA)
Elon
61.4%
Ohio Valley
Austin Peay
61.4%
Pioneer
San Diego
60.9%
Ohio Valley
Tennessee-Martin
60.4%
Southland
Central Arkansas
60.4%
Southland
Southeastern Louisiana
60.1%
Big South
Liberty
59.9%
Patriot
Lehigh
59.7%
Southland
Lamar
59.7%
MEAC
Howard
59.4%
Pioneer
Davidson
59.2%
Southland
Northwestern State
58.9%
Hint
% Correct
MEAC
North Carolina Central
58.4%
Southern
Furman
58.4%
SWAC
Arkansas-Pine Bluff
58.4%
Southern
Mercer
57.9%
SWAC
Prairie View A&M
57.9%
Big South
Presbyterian
57.7%
MEAC
Bethune-Cookman
57.7%
Ohio Valley
Murray State
57.4%
Big South
Monmouth
57%
MEAC
Hampton
56.9%
Southern
Wofford
56.9%
Ohio Valley
Southeast Missouri State
56.4%
Patriot
Lafayette
56.4%
Pioneer
Drake
56.4%
Southern
Western Carolina
56.4%
MEAC
Morgan State
55.9%
Southland
Nicholls State
55.9%
Southern
VMI
55.5%
MEAC
Savannah State
55.4%
Pioneer
Morehead State
54.7%
Southland
McNeese State
53.7%
Northeast (NEC)
Bryant
53.2%
Pioneer
Stetson
53.2%
Northeast (NEC)
Duquesne
52.7%
Pioneer
Valparaiso
52.7%
Big South
Coastal Carolina
52.5%
Big South
Gardner-Webb
52.5%
Colonial (CAA)
Stony Brook
52.2%
Northeast (NEC)
Central Connecticut State
52.2%
Southern
Samford
52%
Northeast (NEC)
St. Francis (PA)
51.2%
Northeast (NEC)
Wagner
51%
Southland
Incarnate Word
50.7%
Northeast (NEC)
Robert Morris
50.7%
Pioneer
Campbell
50.7%
Southland
Abilene Christian
49.3%
Southland
Houston Baptist
48.3%
Independents
Charlotte
48%
Northeast (NEC)
Sacred Heart
47.5%
Pioneer
Marist
43.6%
Quiz Playlist
Details
Report
Send in Message
Add To Playlist
More Info:
Schools are updates as of the 2014-15 season.
Classic:
Type in answers that appear in a list
Last Updated: Feb 16, 2017
Quiz Scoreboard
CHALLENGE
Sign Up to Join the Scoreboard
Show All
Scores
Hide
Comments
May contain spoilers
Recently Published
Two Season TV Shows II
by 123Four
Television
10m
Image Sorting: Flags VI
by Barbecue
Geography
2m
Find the 'City' Movie
by crazypaving
Movies
60s
More to Explore
Quiz From the Vault
Featured Blog Post
14 Easter Pick-up Lines to Find Eggs With
hide this ad
You Might Also Like...
Tags
Division
FCS
school
Today's Top Quizzes in Sports
Browse Sports
hide this ad
Today's Top Quizzes in school
Browse school
Top Contributed Quizzes in Sports
1
Les meilleurs buteurs des matchs entre le PSG et l’OM
2
Les entraîneurs de l'OM et du PSG au 21e siècle
3
2022 World Cup Stars
4
Les joueurs passés par le PSG et l'OM
5
Players with Multiple 50 Home Run Seasons
6
Criteria MLB: Left Handed Sluggers
7
FIFA Club World Cup Champions
8
Les joueurs passés par le LOSC et le RC Lens
9
NBA Logic Puzzle 2.0
10
Top 10 NHL Goal Scorers of All Time
Explore More
Trending Topics
Kpop
Anime
Harry Potter
Crossword
Marvel
Disney
NBA
NFL
Pokémon
WWE
Soccer
Puzzle
The Office
Country
Song
hide this ad
More By:
jsm21
Quiz
Plays
Rating
Category
Featured
Created
NCAA Mid-Major Nicknames
490
5.00
Sports
Sep 14, 2013
NCAA Division I FCS Helmets
450
3.80
Sports
Dec 17, 2013
FCS Schools
404
Sports
Jan 1, 2014
NCAA FCS College Towns
210
Sports
Jun 26, 2014
Major NCAA FCS Conferences
145
4.00
Sports
Aug 13, 2013
Go to Creator's Profile
Score Distribution
Quiz Creator Spotlight
jsm21
Follow
Send a Message
Quizzes Created
-
Created Quiz Play Count
-
More By This Creator
Popular Quizzes Today
1
Colored Red Africa Blitz
2
Find the US States - No Outlines Minefield
3
Find the 'City' Movie
4
5x2 Blitz: Bands
5
The Countries of the World
6
Find the US States
7
Find the Countries of Europe - No Outlines Minefield
8
US States
More Sports Quizzes
First XI: João Moutinho
Quiz Lab
Trending Quizzes
Colored Red Europe Blitz I
Colored Red Africa Blitz II
Colored Red Europe Blitz II
Colored Red Africa Blitz III
Colored Red Europe Blitz III
Recently Updated
How Do You Spell That?
pecheneg
Godzilla Movies
pecheneg
Grab Bag: 4-10 Letters
pecheneg
2024 March Madness Bracket
pecheneg
Famous TV Couples
Peacemaker
Champions League XIs: Real Madrid
pecheneg
Largest US Cities 1790-2010
pecheneg
Rides in Walt Disney World
pecheneg
Most Oscar Losses (Acting)
pecheneg
Beyoncé Albums
pecheneg
Trending Topics
Crossword
Disney
Anime
NBA
Harry Potter
Marvel
Kpop
Puzzle
NFL
Country
Soccer
Pokémon
WWE
Song
The Office
Your Account Isn't Verified!
In order to create a playlist on Sporcle, you need to verify the email address you used during registration. Go to your
Sporcle Settings
to finish the process.
Report this User
Report this user for behavior that violates our
Community Guidelines
.
Details:
Send Report
Go to the Sporcle.com Mobile Site →
Comments